000 00782nam a2200289Ia 4500
005 20260324113117.0
008 008 260324s9999 xx 000 0 eng d
020 _a9781003517306
037 _aEBOOK
040 _aCRL
040 _beng
040 _cCRL
041 _2eng
041 _aeng
084 _qCRL
100 _aIoannis Vardopoulos; Francisco EscrivĂ  Saneugenio; Adele Sateriano; Luca Salvati
_91145457
245 0 _aHomage (and Criticism) to the Mediterranean City
245 0 _bRegional Sustainability and Economic Resilience
260 _bTaylor and Francis
260 _c2024
365 _a
365 _b205
856 _uhttp://www.taylorfrancis.com/books/9781003517306
942 _cEBOOK
999 _c1734938
_d1734938